[Event "Niederoesterreich Landesliga 0506"]
[Site "Austria"]
[Date "2006.04.02"]
[Round "12"]
[White "Schandl, Johann"]
[Black "Wagner, Stefan"]
[Result "0-1"]
[WhiteElo "1952"]
[BlackElo "1915"]
[PlyCount "90"]
[EventDate "2005.09.18"]
[EventType "team-tourn"]
[EventRounds "13"]
[EventCountry "AUT"]
[SourceTitle "EXT 2022"]
[Source "ChessBase"]
[SourceDate "2021.10.06"]
[SourceVersion "1"]
[SourceVersionDate "2021.10.06"]
[SourceQuality "1"]

1. e4 d5 2. exd5 Qxd5 3. Nc3 Qa5 4. d4 Nf6 5. Nf3 Bg4 6. Bc4 e6 7. 0-0 c6 8. h3 Bf5 9. a4 Nbd7 10. Re1 Bd6 11. Bd2 Qc7 12. d5 cxd5 13. Nd4 Qxc4 14. Nxf5 Bf8 15. Bg5 0-0-0 16. Ng3 h6 17. Bd2 Bd6 18. Qf3 Ne5 19. Qd1 Nc6 20. Nf1 Qh4 21. Qf3 Ne5 22. Qe2 Nc4 23. Bc1 g5 24. b3 Bb4 25. Qd3 Nd6 26. Re2 Nfe4 27. Nxe4 Nxe4 28. Bb2 Rhg8 29. f3 Ng3 30. Nxg3 Qxg3 31. Be5 Qh4 32. Kh2 Bd6 33. Qc3+ Kb8 34. Bxd6+ Rxd6 35. Rd1 Qf4+ 36. g3 Qf5 37. Qc5 Rc6 38. Qf2 Rgc8 39. Rdd2 Rc3 40. Kg2 Qf6 41. a5 h5 42. Re3 h4 43. Rxc3 Rxc3 44. g4 Qf4 45. Re2 e5 0-1

[Event "AUT-chT Seniors 2nd"]
[Site "Maria Alm"]
[Date "2003.09.12"]
[Round "5"]
[White "Stuerzenbaum, Arthur"]
[Black "Schandl, Johann"]
[Result "1-0"]
[WhiteElo "2191"]
[BlackElo "2021"]
[PlyCount "91"]
[EventDate "2003.09.??"]
[EventType "team"]
[EventRounds "5"]
[EventCountry "AUT"]
[SourceTitle "EXT 2006"]
[Source "ChessBase"]
[SourceDate "2005.11.24"]
[SourceVersion "1"]
[SourceVersionDate "2005.11.24"]
[SourceQuality "1"]

1. e4 e5 2. Nf3 Nc6 3. Nc3 Nf6 4. d4 exd4 5. Nxd4 d6 6. Bb5 Bd7 7. 0-0 Be7 8. Bxc6 bxc6 9. Qf3 0-0 10. b3 Ng4 11. Nxc6 Bxc6 12. Qxg4 Bf6 13. Bd2 Re8 14. Rad1 g6 15. Nd5 Bg7 16. Rfe1 Bd7 17. Qg3 f6 18. c4 Be6 19. Bc3 Bxd5 20. Rxd5 Qe7 21. h4 Qf7 22. Qf3 Re6 23. h5 Rae8 24. hxg6 hxg6 25. Rd3 Bh6 26. Rdd1 Bg7 27. Qd3 Qe7 28. f3 Kf7 29. g3 Rh8 30. Kg2 Re8 31. Re2 Bh8 32. Qd5 Qd7 33. Rde1 c6 34. Qd3 f5 35. Bxh8 Rxh8 36. exf5 Rxe2+ 37. Rxe2 gxf5 38. Qd4 Rg8 39. Qf4 d5 40. Re5 Kf6 41. g4 Rg5 42. Rxf5+ Qxf5 43. Qxf5+ Rxf5 44. gxf5 Kxf5 45. cxd5 cxd5 46. Kf2 1-0

[Event "Casino op 3rd"]
[Site "Velden"]
[Date "1995.??.??"]
[Round "7"]
[White "Ramin, Michael"]
[Black "Schandl, Johann"]
[Result "0-1"]
[WhiteElo "1817"]
[BlackElo "1944"]
[PlyCount "54"]
[EventDate "1995.06.30"]
[EventType "swiss"]
[EventRounds "9"]
[EventCountry "AUT"]
[SourceTitle "EXT 2022"]
[Source "ChessBase"]
[SourceDate "2021.10.06"]
[SourceVersion "1"]
[SourceVersionDate "2021.10.06"]
[SourceQuality "1"]

1. d4 d5 2. c4 e6 3. Nf3 Nf6 4. Bg5 Nbd7 5. e3 c6 6. Be2 Bb4+ 7. Nbd2 dxc4 8. Bxc4 0-0 9. a3 Be7 10. Bf4 Nb6 11. Bd3 Nbd5 12. Bg3 Nh5 13. Ne5 Ndf6 14. Bh4 g6 15. g4 Ng7 16. Bg3 Nd7 17. Ndf3 Nxe5 18. Nxe5 f6 19. Nc4 b5 20. Nd2 Bb7 21. Be4 Qd7 22. Nb3 c5 23. Nxc5 Bxc5 24. dxc5 Qxd1+ 25. Rxd1 Bxe4 26. 0-0 Bf3 27. Rc1 e5 0-1

[Event "Casino op 3rd"]
[Site "Velden"]
[Date "1995.??.??"]
[Round "1"]
[White "Zoler, Dan"]
[Black "Schandl, Johann"]
[Result "1-0"]
[WhiteElo "2415"]
[BlackElo "1944"]
[PlyCount "65"]
[EventDate "1995.06.30"]
[EventType "swiss"]
[EventRounds "9"]
[EventCountry "AUT"]
[SourceTitle "EXT 1997"]
[Source "ChessBase"]
[SourceDate "1996.11.15"]
[SourceVersion "1"]
[SourceVersionDate "1996.11.15"]
[SourceQuality "1"]

1. e4 e5 2. Nf3 Nc6 3. Nc3 Be7 4. Bb5 d6 5. d4 exd4 6. Nxd4 Bd7 7. Nf5 Bxf5 8. exf5 Nf6 9. Qf3 Qd7 10. Be3 0-0 11. 0-0-0 a6 12. Be2 b5 13. g4 b4 14. Nd5 Nxd5 15. Qxd5 Bh4 16. Bf3 Ne7 17. Qc4 Rab8 18. Bg2 h6 19. Rhe1 Rfd8 20. Qxa6 d5 21. Qd3 Ra8 22. Qb3 Qb5 23. Bf4 c6 24. Rd2 Rd7 25. Rde2 c5 26. Qh3 Bf6 27. Be5 Bxe5 28. Rxe5 Kf8 29. Qe3 d4 30. Qe4 Raa7 31. Bf1 Qb6 32. Bc4 Qc7 33. f6 1-0